Ciènces socials: proposta didàctica, 1er. cicle ESO

সংরক্ষণ করুন:
গ্রন্থ-পঞ্জীর বিবরন
প্রধান লেখক: Trepat Carbonell, Cristòfol-A (Author), Freixenet, Dolors (Author), Ribas, Isabel (Author), Tatché, Eulàlia (Author)
বিন্যাস: গ্রন্থ
ভাষা:কাতালান
প্রকাশিত: Barcelona Barcanova 1996
বিষয়গুলি:
ট্যাগগুলো: ট্যাগ যুক্ত করুন
কোনো ট্যাগ নেই, প্রথমজন হিসাবে ট্যাগ করুন!

MARC

LEADER 00000nam a2200000 a 4500
001 UCO4103
003 CL-VaPUC
008 000728e19960000SP |||||||||||||||||cat|d
082 0 4 |a 372.83  |b TRE  |2 21 
100 0 |a Trepat Carbonell, Cristòfol-A  |e author  |9 448251 
700 0 |a Freixenet, Dolors  |e author  |9 448252 
700 0 |a Ribas, Isabel  |e author  |9 448253 
700 0 |a Tatché, Eulàlia  |e author  |9 448254 
245 1 0 |a Ciènces socials: proposta didàctica, 1er. cicle ESO 
300 |a 288 p 
942 |c BK 
945 |d 20000728 00:00:00  |a crobeson 
260 |a Barcelona  |b Barcanova  |c 1996 
650 0 |a Enseñanza de las ciencias sociales  |9 337823 
650 7 |a MATERIAL Y EQUIPO DIDACTICOS  |2 CL-VaPUC  |9 309109 
650 0 |a Planes de estudio  |9 309935 
650 0 |a Currículo  |9 307290 
583 |a last modification  |c 20000728 00:00:00  |k Rodrigo Vera 
999 |c 290187  |d 290185 
952 |0 0  |1 0  |4 0  |6 372_830000000000000_TRE_1996  |7 0  |8 A  |9 339461  |a BIBHIS  |b BIBHIS  |d 2019-11-20  |i 1210130  |o 372.83 TRE 1996  |p 1210130  |r 2025-01-20  |w 2019-11-20  |y BK  |k HIS